Sweden : Selected Issues.

This Selected Issues paper discusses measures taken to enable timely macroprudential action in Sweden. The Swedish financial supervisory authority has adopted a number of macroprudential measures under its mandates for financial stability and consumer protection. The supervisory authority imposed a...

Mô tả đầy đủ

Chi tiết về thư mục
Tác giả của công ty: International Monetary Fund. European Dept
Định dạng: Tạp chí
Ngôn ngữ:English
Được phát hành: Washington, D.C. : International Monetary Fund, 2016.
Loạt:IMF Staff Country Reports; Country Report ; No. 2016/354
Truy cập trực tuyến:Full text available on IMF
LEADER 01756cas a2200241 a 4500
001 AALejournalIMF017236
008 230101c9999 xx r poo 0 0eng d
020 |c 5.00 USD 
020 |z 9781475553826 
022 |a 1934-7685 
040 |a BD-DhAAL  |c BD-DhAAL 
110 2 |a International Monetary Fund.  |b European Dept. 
245 1 0 |a Sweden :   |b Selected Issues. 
264 1 |a Washington, D.C. :  |b International Monetary Fund,  |c 2016. 
300 |a 1 online resource (54 pages) 
490 1 |a IMF Staff Country Reports 
500 |a <strong>Off-Campus Access:</strong> No User ID or Password Required 
500 |a <strong>On-Campus Access:</strong> No User ID or Password Required 
506 |a Electronic access restricted to authorized BRAC University faculty, staff and students 
520 3 |a This Selected Issues paper discusses measures taken to enable timely macroprudential action in Sweden. The Swedish financial supervisory authority has adopted a number of macroprudential measures under its mandates for financial stability and consumer protection. The supervisory authority imposed a loan-to-value limit of 85 percent for new mortgage loans in 2010, with the soundness principle as the legal basis for this measure. Under its financial stability mandate, it also set a floor on risk weights for Swedish mortgages, which was raised from 15 percent to 25 percent in September 2014. Following an expansion of the regulatory toolkit, a range of capital buffers have also been established and subsequently expanded. 
538 |a Mode of access: Internet 
830 0 |a IMF Staff Country Reports; Country Report ;  |v No. 2016/354 
856 4 0 |z Full text available on IMF  |u http://elibrary.imf.org/view/journals/002/2016/354/002.2016.issue-354-en.xml  |z IMF e-Library